City Edinburgh Council v Scottish Ministers (Record no. 71693)
[ view plain ]
| 000 -LEADER | |
|---|---|
| fixed length control field | 01612cam a2200241 4500 |
| 001 - CONTROL NUMBER | |
| control field | ABS66121 |
| 008 - FIXED-LENGTH DATA ELEMENTS--GENERAL INFORMATION | |
| fixed length control field | 021203n2002 000 0 eng u |
| 035 ## - SYSTEM CONTROL NUMBER | |
| System control number | (Sirsi) u120644 |
| 245 ## - TITLE STATEMENT | |
| Title | City Edinburgh Council v Scottish Ministers |
| 260 ## - PUBLICATION, DISTRIBUTION, ETC. | |
| Date of publication, distribution, etc. | 2002 |
| 490 ## - SERIES STATEMENT | |
| Series statement | Estates Gazette |
| Volume/sequential designation | [2002] 46 EG 196 (CS) |
| 520 ## - SUMMARY, ETC. | |
| Summary, etc. | CSOH 17 September 2002. Local planning authority (C) issued a listed building enforcement notice in respect of a B listed two storey terraced town house. The notice complained of the construction without listed building consent of an en suite bathroom. Owner of the property appealed to repondants (S) under Planning (Listed Buildings and Conservation Areas) (Scotland) Act 1997 s35.The reporter found that the integrity of the building had not been compromised sufficiently to justify a requirement for the immediate removal of the walls. C appealed and they argued that the reporter had erred in law by failing to have regard to the character of a listed building. The appeal was allowed as the reporter had addressed a different question and failed to consider whether it would have been proper to grant consent had an application been presented in advance of the works being carried out. |
| 590 ## - LOCAL NOTE (RLIN) | |
| Local note | ABS |
| 650 ## - SUBJECT ADDED ENTRY--TOPICAL TERM | |
| Topical term or geographic name entry element | EDINBURGH CITY COUNCIL V SCOTTISH MINISTERS |
| 650 ## - SUBJECT ADDED ENTRY--TOPICAL TERM | |
| Topical term or geographic name entry element | TOWN AND COUNTRY PLANNING |
| 650 ## - SUBJECT ADDED ENTRY--TOPICAL TERM | |
| Topical term or geographic name entry element | LISTED BUILDING |
| 650 ## - SUBJECT ADDED ENTRY--TOPICAL TERM | |
| Topical term or geographic name entry element | ENFORCEMENT NOTICE |
| 650 ## - SUBJECT ADDED ENTRY--TOPICAL TERM | |
| Topical term or geographic name entry element | PLANNING (LISTED BUILDINGS AND CONSERVATION AREAS) (SCOTLAND) ACT 1997 |
| 650 ## - SUBJECT ADDED ENTRY--TOPICAL TERM | |
| Topical term or geographic name entry element | BUILDING CONSENTS |
| 650 ## - SUBJECT ADDED ENTRY--TOPICAL TERM | |
| Topical term or geographic name entry element | SCOTLAND |
| 690 ## - LOCAL SUBJECT ADDED ENTRY--TOPICAL TERM (OCLC, RLIN) | |
| Topical term or geographic name as entry element | BUILT ENVIRONMENT-BUILDING STANDARDS |
| 942 ## - ADDED ENTRY ELEMENTS (KOHA) | |
| Suppress in OPAC | 0 |
| Withdrawn status | Lost status | Source of classification or shelving scheme | Damaged status | Not for loan | Home library | Current library | Shelving location | Date acquired | Total Checkouts | Full call number | Barcode | Date last seen | Copy number | Price effective from | Koha item type |
|---|---|---|---|---|---|---|---|---|---|---|---|---|---|---|---|
| Dewey Decimal Classification | London | London | Journal article | 03/12/2002 | ABS66121 | 120644-1001 | 06/08/2019 | 1 | 06/08/2019 | Law report |